000 01829nam a2200445 a 4500
001 ebr10513722
003 CaPaEBR
006 m u
007 cr cn|||||||||
008 110713s2011 inua s 001 0 eng d
010 _z 2011377826
020 _z9780470643983 (pbk alk. paper)
020 _z0470643986 (pbk alk. paper)
020 _z9781118086353 (e-book)
040 _aCaPaEBR
_cCaPaEBR
035 _a(OCoLC)774282716
050 1 4 _aTK5105.875.I6
_bC366 2011eb
082 0 4 _a004.6/82
_222
100 1 _aCarpenter, Tom,
_d1972-
245 1 0 _aMicrosoft SharePoint 2010 administration
_h[electronic resource] :
_breal-world skills for MCITP certification and beyond /
_cTom Carpenter, James Pyles.
246 3 0 _aSharePoint 2010 administration
260 _aIndianapolis, Ind. :
_bWiley Pub.,
_cc2011.
300 _axxix, 592 p. :
_bill. (some col.).
490 1 _aSerious skills
500 _a"Exam 70-668"--Cover.
500 _aIncludes index.
533 _aElectronic reproduction.
_bPalo Alto, Calif. :
_cebrary,
_d2013.
_nAvailable via World Wide Web.
_nAccess may be limited to ebrary affiliated libraries.
630 0 0 _aMicrosoft SharePoint (Electronic resource)
650 0 _aIntranets (Computer networks)
_xManagement.
650 0 _aIntranets (Computer networks)
_xExaminations
_vStudy guides.
650 0 _aWeb servers
_xManagement.
650 0 _aWeb servers
_xExaminations
_vStudy guides.
650 0 _aElectronic data processing personnel
_xCertification.
650 0 _aMicrosoft software
_xExaminations
_vStudy guides.
655 7 _aElectronic books.
_2local
700 1 _aPyles, James.
710 2 _aebrary, Inc.
830 0 _aSerious skills.
856 4 0 _uhttp://site.ebrary.com/lib/rucke/Doc?id=10513722
_zAn electronic book accessible through the World Wide Web; click to view
999 _c221019
_d221019